000 00814nam a2200193Ia 4500
003 GCL
008 140319s9999 xx 000 0 ara d
040 _aGCL /
_cGCL
082 0 4 _a610.953071
_bز ط
100 1 _aزرهونى نورالدين
245 1 0 _aالطب والخدمات الطبية فى الاندلس :
_bخلال القرن السادس الهجرى - الثانى عشر الميلادى /
_cزرهونى نورالدين
260 _aالقاهرة :
_bمؤسسة شباب الجامعة ،
_c2006
300 _a257 ص ؛
_c24 سم
650 0 4 _aالاندلس - الاحوال العلمية
650 0 4 _aالطب - تاريخ - الاندلس
650 0 4 _aالادوية - تاريخ - الاندلس
650 0 4 _aالمستشفيات - تاريخ - الاندلس
942 _2ddc
_cBK
999 _c8318
_d8318